| 000 | 00394nam a2200157Ia 4500 | ||
|---|---|---|---|
| 008 | 230718s9999 xx 000 0 und d | ||
| 041 | _aeng | ||
| 082 |
_a658 _bETH |
||
| 100 |
_aEtherington S _9109682 |
||
| 245 | _aTables Charts And Graphics | ||
| 260 |
_c2000 _bDk |
||
| 300 | _a72 | ||
| 365 |
_cRs. _b215.00 |
||
| 700 |
_aEtherington S. _9109682 |
||
| 906 |
_dB:599110-Oct-2000 _cMGMT _b32.25 |
||
| 999 |
_c300697 _d300697 |
||